Strategický koncept využití intelektuálního kapitálu v procesech přeměny současné společnosti : systémový přístup k rozvoji a využití intelektuálního kapitálu v procesu přeměny informační společnosti na znalostní /

Hlavní autor: Sokolová, Marcela
Korporativní autor: Univerzita Hradec Králové. Fakulta informatiky a managementu
Další autoři: Franěk, Marek, 1956-, Mohelská, Hana, Zubr, Václav
Jazyk: Čeština
Vydáno: Hradec Králové : Gaudeamus, 2015
Vydání: Vydání: první
Edice: Recenzované monografie
Témata:
Fyzický popis: 166 stran : ilustrace ; 21 cm
Language note: Anglické resumé
Knihy
Uloženo v:
LEADER 02778nam a2200697 i 4500
001 nkc20162773650
003 CZ PrNK
005 20160615070644.0
007 ta
008 160121s2015 xr a f 001 0 cze
015 |a cnb002773650 
020 |a 978-80-7435-638-4  |q (brožováno) 
035 |a (OCoLC)946294075 
040 |a ABA001  |b cze  |d BOA001  |e rda 
041 0 |a cze  |b eng 
072 7 |a 331  |x Práce  |2 Konspekt  |9 4 
080 |a 316.42:004  |2 MRF 
080 |a 316.42:004.8  |2 MRF 
080 |a 331.108.23  |2 MRF 
080 |a 331.101.32  |2 MRF 
080 |a 37.0  |2 MRF 
080 |a 37.091.3:004  |2 MRF 
080 |a (048.8:082)  |2 MRF 
100 1 |a Sokolová, Marcela  |7 jo2015864503  |4 aut 
245 1 0 |a Strategický koncept využití intelektuálního kapitálu v procesech přeměny současné společnosti :  |b systémový přístup k rozvoji a využití intelektuálního kapitálu v procesu přeměny informační společnosti na znalostní /  |c Sokolová Marcela, Franěk Marek, Mohelská Hana, Zubr Václav 
250 |a Vydání: první 
264 1 |a Hradec Králové :  |b Gaudeamus,  |c 2015 
300 |a 166 stran :  |b ilustrace ;  |c 21 cm 
336 |a text  |b txt  |2 rdacontent 
337 |a bez média  |b n  |2 rdamedia 
338 |a svazek  |b nc  |2 rdacarrier 
490 1 |a Recenzované monografie 
500 |a Nad názvem: Univerzita Hradec Králové, Fakulta informatiky a managementu 
500 |a 100 výtisků 
504 |a Obsahuje bibliografii a rejstřík 
546 |a Anglické resumé 
650 0 7 |a informační společnost  |7 ph114772  |2 czenas 
650 0 7 |a znalostní společnost  |7 ph135286  |2 czenas 
650 0 7 |a lidský kapitál  |7 ph122348  |2 czenas 
650 0 7 |a pracovní spokojenost  |7 ph319055  |2 czenas 
650 0 7 |a vzdělávání  |7 ph127311  |2 czenas 
650 0 7 |a e-learning  |7 ph196647  |2 czenas 
650 0 9 |a information society  |2 eczenas 
650 0 9 |a knowledge society  |2 eczenas 
650 0 9 |a human capital  |2 eczenas 
650 0 9 |a job satisfaction  |2 eczenas 
650 0 9 |a education  |2 eczenas 
650 0 9 |a e-learning  |2 eczenas 
655 7 |a kolektivní monografie  |7 fd501537  |2 czenas 
655 9 |a collective monographs  |2 eczenas 
700 1 |a Franěk, Marek,  |d 1956-  |7 jo20000082562  |4 aut 
700 1 |a Mohelská, Hana  |7 mzk2003171458  |4 aut 
700 1 |a Zubr, Václav  |7 hka2016910193  |4 aut 
710 2 |a Univerzita Hradec Králové.  |b Fakulta informatiky a managementu  |7 kn20020321790  |4 isb 
830 0 |a Recenzované monografie  |0 s 
910 2 |a BOA001  |b 2-1360.952 
990 |a BK 
995 |a 01 
991 |b 201603  |c NOV 
996 6 |b 2610661698  |c 2-1360.952  |l MZK  |r Sklad / do 1 hodiny  |n 2  |p p.v.  |w 001547570  |u 000010  |a 1  |e BOA001  |j MZK50  |s P 
996 7 |b 2610673701  |c 2-1360.952  |l MZK  |r Sklad / do 1 hodiny  |n 3  |p dar  |w 001547570  |u 000020  |a 1  |e BOA001  |j MZK50  |s A